Street Fighter's 1st Character Popularity Poll - Statistics

General Stats
  • This quiz has been taken 25 times
  • The average score is 17 of 30
Answer Stats
Rank Answer First Appearance % Correct
6 Chun-Li Street Fighter II (1991)
100%
15 Ken Street Fighter (1987)
100%
9 Ryu Street Fighter (1987)
100%
28 Vega Street Fighter II (1991)
88%
26 Zangief Street Fighter II (1991)
81%
8 Akuma Super Street Fighter II Turbo (1994)
75%
10 Blanka Street Fighter II (1991)
75%
11 Cammy Super Street Fighter II (1993)
75%
7 Sagat Street Fighter (1987)*
75%
27 Guile Street Fighter II (1991)
69%
3 Juri Super Street Fighter IV (2010)
63%
1 Sakura Street Fighter Alpha 2 (1996)
63%
30 Gen Street Fighter (1987)*
56%
29 Alex Street Fighter III (1997)
50%
5 Cody Street Fighter Alpha 3 (1998)
50%
20 Guy Street Fighter Alpha (1995)
50%
13 Evil Ryu Street Fighter Alpha 2 (1996)
44%
19 Fei-Long Super Street Fighter II (1993)
44%
2 Makoto Street Fighter III: 3rd Strike (1999)
44%
21 Oro Street Fighter III (1997)
44%
4 Q Street Fighter III: 3rd Strike (1999)
44%
22 C. Viper Street Fighter IV (2008)
38%
23 Rose Street Fighter Alpha (1995)
38%
25 Yun Street Fighter III (1997)
38%
17 Dan Street Fighter Alpha (1995)
31%
24 Maki Street Fighter Alpha 3 (GBA, 2002)
31%
14 Dudley Street Fighter III (1997)
25%
18 Karin Street Fighter Alpha 3 (1998)
25%
12 Poison Street Fighter Alpha 2 (1996)*
25%
16 Skullomania Street Fighter EX (1996)
25%
No matching quizzes found
Score Distribution
Percent of People with Each Score
Percentile by Number Answered
Your Score History
You have not taken this quiz